Najakčnejšie podujatie sezóny Rely Austrálie WRC

Bibliographic Details
Main Author: Kríž, Peter (Author)
Format: Article
Language:Slovak
PhysicalDescription:Fotogr.
ISSN:0139-7001
Subjects:

MARC

LEADER 00000nab a2200000 ar4500
001 vtls008413334
003 SK-MaSNL
005 20260303070222.0
008 051205c20051125xo sr|p|||||||000 b|slo
015 |a SNBRB2005/12  |2 snkbucl 
038 |a SNKBUCL 
040 |a SNKBUCL  |b slo  |c SNKBUCL  |e AACR2 
041 0 |a slo 
044 |a xo  |c SK 
080 |a 796.71.093.1  |2 UDC-MRF-SK2 
100 1 |a Kríž, Peter  |4 aut  |9 856749 
245 1 0 |a Najakčnejšie podujatie sezóny  |b Rely Austrálie WRC  |c Peter Kríž 
300 |b Fotogr. 
611 2 7 |a Rely Austrálie WRC  |d 2005  |2 snkbucl  |9 1067344 
650 0 7 |a automobilizmus  |2 snkbucl  |9 13242 
773 0 |t Šport  |g Roč. 59, č. 272 (25.11.2005), s. 48  |x 0139-7001 
852 |a SNK  |b KIS3GCP 
999 |c 1754425  |d 1756355